000 00399nam a2200145Ia 4500
008 210210b1977 xxu||||| |||| 00| 0 eng d
082 _a181 MULS
100 _aMULLER (F Max).
245 _aSacred books of the east.V 47:Pahlavi texts.
260 _aNew Delhi.
_bMotilal Banarsidass.,
_c1977
300 _axlvii,186
650 _aPahlavi Zoroastrianism
690 _aPhilosophy
906 _aSG01826
999 _c113048
_d113048